000 00265nam a22001217a 4500
008 170407b xxu||||| |||| 00| 0 eng d
041 _aeng
080 _a611.018
100 _a9
101 _aSHM
245 _aATLAS OF HISTOLOGY
_cRHODIN.J.A.G
942 _2udc
_cBK
999 _c10055
_d10055